[Event "Malaga-ch"]
[Site "Malaga"]
[Date "2019.02.24"]
[Round "6.8"]
[White "Galan Benitez, Francisco Jesus"]
[Black "Garrido Diaz, Ernesto"]
[Result "0-1"]
[WhiteElo "1587"]
[BlackElo "1896"]
[PlyCount "130"]
[EventDate "2019.02.09"]
[EventType "swiss"]
[EventRounds "7"]
[EventCountry "ESP"]
[SourceTitle "EXT 2024"]
[Source "ChessBase"]
[SourceDate "2023.10.10"]
[SourceVersion "1"]
[SourceVersionDate "2023.10.10"]
[SourceQuality "1"]

1. e4 c5 2. Nc3 d6 3. f4 g6 4. Nf3 Bg7 5. Bc4 e6 6. 0-0 Ne7 7. d3 Nbc6 8. a3 0-0 9. Ba2 Rb8 10. Ne2 b5 11. d4 cxd4 12. Nexd4 Ba6 13. Nxc6 Nxc6 14. Qd3 Qd7 15. Rb1 Bc8 16. Re1 b4 17. a4 Qc7 18. Bd2 Rd8 19. Ng5 h6 20. Nf3 Qa5 21. Bb3 Ba6 22. Qe3 Qc5 23. Qxc5 dxc5 24. Rbd1 Bxb2 25. f5 c4 26. Ba2 exf5 27. exf5 Bg7 28. fxg6 Rb7 29. gxf7+ Kxf7 30. Bf4 Rxd1 31. Rxd1 b3 32. cxb3 cxb3 33. Bb1 Be2 34. Rd6 Bxf3 35. gxf3 Nd4 36. Kf2 Ne6 37. Be3 Ke7 38. Rd5 b2 39. Ra5 Bd4 40. Ke2 Rb3 41. Bd2 Bb6 42. Rb5 Nd4+ 43. Kd1 Nxb5 44. axb5 Rxb5 45. Bc3 Ba5 46. Bg7 Bc7 47. Bxh6 Be5 48. Bg5+ Kf8 49. Kc2 a5 50. Ba2 Rc5+ 51. Kb1 Kg7 52. h4 Kg6 53. Be3 Rc7 54. Bb3 Rc8 55. Bc2+ Kg7 56. f4 Bf6 57. h5 Ra8 58. Ka2 a4 59. f5 a3 60. Bc5 Rc8 61. h6+ Kh7 62. Kxa3 Rxc5 63. Bb1 Rc1 64. Ka2 Kxh6 65. Be4 Ra1+ 0-1